How to do everything Ubuntu / (Record no. 19870)

MARC details
000 -LEADER
fixed length control field 00861nam a22002418a 4500
005 - DATE AND TIME OF LATEST TRANSACTION
control field 20081028142030.0
008 - FIXED-LENGTH DATA ELEMENTS--GENERAL INFORMATION
fixed length control field 081015s2008 cau b 001 0 eng
010 ## - LCCN (DPL NO)
LC control number ENG-92205
020 ## - INTERNATIONAL STANDARD BOOK NUMBER
International Standard Book Number 9780070139770
Terms of availability 495.00
020 ## - INTERNATIONAL STANDARD BOOK NUMBER
International Standard Book Number 0070139776
Terms of availability 495.00
035 ## - SYSTEM CONTROL NUMBER
System control number EN-75738
037 ## - SOURCE OF ACQUISITION
Source of stock number/acquisition DBAD / PUB
040 ## - CATALOGING SOURCE
Original cataloging agency dpl
Language of cataloging English
082 ## - DEWEY DECIMAL CLASSIFICATION NUMBER
Classification number 005.432
100 ## - MAIN ENTRY--PERSONAL NAME
Personal name Orloff, Jeffrey T.
245 ## - TITLE STATEMENT
Title How to do everything Ubuntu /
Statement of responsibility, etc by Jeffrey T. Orloff.
260 ## - PUBLICATION, DISTRIBUTION, ETC. (IMPRINT)
Place of publication, distribution, etc New Delhi
Name of publisher, distributor, etc Tata McGraw-Hill Publishing
Date of publication, distribution, etc 2008
300 ## - PHYSICAL DESCRIPTION
Extent xx, 328p.
Dimensions 24cm (pbk)
504 ## - BIBLIOGRAPHY, ETC. NOTE
Bibliography, etc Includes index.
650 ## - SUBJECT ADDED ENTRY--TOPICAL TERM
Topical term or geographic name as entry element Operating systems (Computers)
942 ## - ADDED ENTRY ELEMENTS (KOHA)
Source of classification or shelving scheme Dewey Decimal Classification
Item type English Books
Classification part 005.432
Call number suffix ORL
Holdings
Withdrawn status Lost status Source of classification or shelving scheme Damaged status Not for loan Collection code Home library Current library Date acquired Source of acquisition Cost, normal purchase price Total Checkouts Full call number Barcode Date last seen Copy number Cost, replacement price Koha item type
    Dewey Decimal Classification   Not For Loan Non-fiction D.B.Act.Division D.B.Act.Division 15/12/2008 DBAD / PUB 495.00   005.432 ORL EN-75738 15/12/2008 1 495.00 English Books

© Delhi Public Library
Hit Counter
free hit counter